El otoño de la edad media : estudios sobre las formas de la vida y del espíritu durante los siglos xiv y xv en francia y en los países bajos /
Guardado en:
| Autor Principal: | |
|---|---|
| Otros Autores: | |
| Formato: | Libro |
| Publicado: |
Madrid :
Revista de Occidente,
1965
|
| Edición: | 6a. ed. |
| Materias: | |
| Etiquetas: |
Agregar Etiqueta
Sin Etiquetas, Sea el primero en etiquetar este registro!
|
| LEADER | 00740nam a22002055a 4500 | ||
|---|---|---|---|
| 001 | EHU.bham043003 | ||
| 003 | AR-BHAM | ||
| 005 | 20141127102419.0 | ||
| 008 | 130507s1965##################000#0#####d | ||
| 082 | 9 | 4 | |a 940.1 |
| 100 | 1 | |a Huizinga, Johan | |
| 245 | 1 | 0 | |a El otoño de la edad media : |b estudios sobre las formas de la vida y del espíritu durante los siglos xiv y xv en francia y en los países bajos / |c Johan Huizinga : |
| 250 | |a 6a. ed. | ||
| 260 | |a Madrid : |b Revista de Occidente, |c 1965 | ||
| 300 | |a 512 p. | ||
| 653 | |a Edad media | ||
| 653 | |a Francia-historia de-edad media | ||
| 653 | |a Países bajos-historia de los-edad media | ||
| 700 | 1 | |a Gaos, José, trad. | |
| 859 | |a AR-BHAM |b BIB. HUMANIDADES - General |h 940.1 |i H876 |p 504.14 |t Ej.1 | ||
